The Continuum Companion to Twentieth Century Theatre (Record no. 819)
[ view plain ]
| 000 -LEADER | |
|---|---|
| Fixed length control field | 00516nam a2200181 4500 |
| 003 - CONTROL NUMBER IDENTIFIER | |
| Control field | SEACOMMC |
| 005 - DATE AND TIME OF LATEST TRANSACTION | |
| Control field | 20250426114722.0 |
| 008 - FIXED-LENGTH DATA ELEMENTS--GENERAL INFORMATION | |
| Fixed length control field | 241204b |||||||| |||| 00| 0 eng d |
| 020 ## - INTERNATIONAL STANDARD BOOK NUMBER / ISBN | |
| International Standard Book Number | 0-82644-959-X. |
| Price | $ 12.99 |
| 040 ## - CATALOGING SOURCE | |
| Original cataloging agency | SEACOMMC |
| 082 ## - DEWEY DECIMAL CLASSIFICATION NUMBER | |
| Classification number | PN2035 |
| Book Number | C 667 |
| 100 ## - MAIN ENTRY--PERSONAL NAME | |
| Personal name | Chambers, Colin [ed.]. |
| 245 1# - TITLE STATEMENT | |
| Title | The Continuum Companion to Twentieth Century Theatre |
| Statement of responsibility | edited by Colin Chambers |
| 250 ## - EDITION STATEMENT | |
| Edition statement | 2nd ed. |
| 260 ## - IMPRINT | |
| Place of publication | London |
| Name of publisher | Continuum |
| Date of publication | 2002 |
| 650 ## - SUBJECT ADDED ENTRY--TOPICAL TERM | |
| Topical term | Theater -- Dictionaries |
| 942 ## - ADDED ENTRY ELEMENTS (KOHA) | |
| Koha item type | Books |
| Withdrawn status | Lost status | Source of classification | Damaged status | Not for loan | Home library | Current library | Shelving location | Date acquired | Total Checkouts | Call number | Accession number | Date last seen | Price effective from | Koha item type |
|---|---|---|---|---|---|---|---|---|---|---|---|---|---|---|
| Dewey Decimal Classification | SEACOM MANAGEMENT COLLEGE | SEACOM MANAGEMENT COLLEGE | Reference | 29/12/2007 | PN2035 C 667 | M-1092 | 04/12/2024 | 04/12/2024 | Books |
